Undertale - All songs with the Once Upon a Time motif - Statistics

General Stats
  • This quiz has been taken 6 times
  • The average score is 13 of 17
Answer Stats
Answer % Correct
Once Upon a Time
100%
Bring It In, Guys!
83%
Can You Really Call This a Hotel, I Didn’t Receive a Mint on My Pillow or Anything
83%
Good Night
83%
Hopes and Dreams
83%
Hotel
83%
Menu (Full)
83%
SAVE The World
83%
Start Menu
83%
Final Power
67%
Home
67%
Home (Music Box)
67%
Last Goodbye
67%
Reunited
67%
The Choice
67%
Undertale
67%
Fallen Down (Reprise)
50%
No matching quizzes found
Score Distribution
Percent of People with Each Score
Percentile by Number Answered
Your Score History
You have not taken this quiz